000 00607nam a2200193Ia 4500
008 151119s9999||||xx |||||||||||||| ||und||
082 _a331.88123
082 _bGKKV30685
100 _a"खुदशाह, संजीव"
245 _aसफाई कामगार समुदाय
260 _a--
260 _b--
260 _c2009
600 _a"खुदशाह, संजीव"
630 _aसफाई कामगार समुदाय
700 _a"खुदशाह, संजीव"
730 _aसफाई कामगार समुदाय
942 _cBOOK
999 _c1083014
_d1083011